000 00487nam a2200181 a 4500
001 1767765542303
003 YourLibrary
005 20260107144639.0
008 260107s2009##################000#0#eng##
020 _a9781108007689
082 0 4 _a301
_bGOE
100 1 _aGoeje, C. H. de,
_eauthor.
245 1 0 _aThe Arawak Language of Guiana :
260 _bCambridge University Press,
_c2009.
650 0 _aSocial Science.
942 _cENGLISH
040 _aYourLibrary
_beng
_cYourLibrary
999 _c607495
_d607495